[Event "WY U-16 Chess Olympiad 2019"]
[Site "Corum"]
[Date "2019.10.31"]
[Round "4"]
[White "Kara, Gulce Nehir"]
[Black "Kiripitige, Chathula"]
[Result "0-1"]
[WhiteElo "1925"]
[BlackElo "1665"]
[Annotator "NA"]
[PlyCount "112"]
[EventDate "2019.10.28"]
[EventType "team-tourn"]
[EventCountry "TUR"]
[SourceTitle "playchess.com"]
[Source "ChessBase"]
[SourceQuality "1"]

1. e4 e5 2. Nf3 Nc6 3. Bb5 a6 4. Ba4 Nf6 5. Qe2 b5 6. Bb3 Bc5 7. c3 d6 8. h3 O-O 9. d3 Ne7 10. Bg5 Ng6 11. Nh4 Nxh4 12. Bxh4 Be6 13. Nd2 a5 14. g4 a4 15. Bxe6 fxe6 16. g5 Nd7 17. Qg4 Qe8 18. Bg3 b4 19. a3 bxc3 20. bxc3 Rb8 21. Ke2 Rb2 22. Rhf1 Qg6 23. f4 h5 24. Qh4 exf4 25. Rxf4 e5 26. Rxf8+ Nxf8 27. Rf1 Ne6 28. Kd1 Be3 29. Be1 Bxg5 30. Qg3 Qh6 31. Nc4 Ra2 32. Rg1 Bc1 33. Qg6 Qxg6 34. Rxg6 Nf4 35. Rg3 Bxa3 36. Bd2 Bc5 37. d4 Ra1+ 38. Kc2 Ba3 39. dxe5 dxe5 40. Nxe5 Bc1 41. Bxc1 Rxc1+ 42. Kxc1 Ne2+ 43. Kb2 Nxg3 44. Ka3 Nxe4 45. Kxa4 Nxc3+ 46. Kb4 Nd5+ 47. Kc5 Nf4 48. h4 Ng2 49. Nf3 Kf7 50. Kc6 Kf6 51. Kxc7 Kf5 52. Kd6 Kf4 53. Nd4 Nxh4 54. Ne6+ Kg4 55. Ke5 Nf3+ 56. Kd5 h4 0-1

[Event "WY U-16 Chess Olympiad 2019"]
[Site "Corum"]
[Date "2019.10.31"]
[Round "4"]
[White "Nanayakkara, J A K Saranath"]
[Black "Sismeiro, Miguel"]
[Result "1/2-1/2"]
[WhiteElo "1924"]
[BlackElo "2113"]
[Annotator "NA"]
[PlyCount "91"]
[EventDate "2019.10.28"]
[EventType "team-tourn"]
[EventCountry "TUR"]
[SourceTitle "playchess.com"]
[Source "ChessBase"]
[SourceQuality "1"]

1. d4 Nf6 2. Nf3 g6 3. c4 Bg7 4. Nc3 d5 5. Bf4 O-O 6. Rc1 c5 7. dxc5 dxc4 8. Qxd8 Rxd8 9. e4 Na6 10. e5 Nh5 11. Be3 Bg4 12. Ng5 h6 13. Nge4 Bxe5 14. Bxc4 Nf4 15. Bxf4 Bxf4 16. Rb1 Nb4 17. f3 Bf5 18. Ke2 Rd4 19. Bb3 Rad8 20. Rbd1 Rxd1 21. Rxd1 Rxd1 22. Bxd1 Bxh2 23. a3 Nc6 24. b4 Be5 25. Kd3 Be6 26. Nd2 f5 27. Nc4 Bc7 28. b5 Ne5+ 29. Nxe5 Bxe5 30. a4 Kf8 31. a5 Ke8 32. Ba4 Kd8 33. a6 bxa6 34. bxa6 Bc8 35. Bb5 e6 36. Na2 Kc7 37. Nb4 Bd7 38. Kc4 Bc3 39. Bxd7 Bxb4 40. Bxe6 Ba3 41. Bf7 g5 42. Kd5 f4 43. Be8 Bb4 44. Bf7 Ba3 45. Be8 Bb4 46. Bf7 1/2-1/2

[Event "WY U-16 Chess Olympiad 2019"]
[Site "Corum"]
[Date "2019.10.31"]
[Round "4"]
[White "Slaba, Andrea"]
[Black "Shohradowa, Lala"]
[Result "0-1"]
[WhiteElo "1907"]
[BlackElo "2024"]
[Annotator "NA"]
[PlyCount "86"]
[EventDate "2019.10.28"]
[EventType "team-tourn"]
[EventCountry "TUR"]
[SourceTitle "playchess.com"]
[Source "ChessBase"]
[SourceQuality "1"]

1. d4 Nf6 2. c4 c5 3. d5 b5 4. cxb5 a6 5. b6 Qxb6 6. Nc3 d6 7. e4 g6 8. Nf3 Bg7 9. h3 O-O 10. Be2 a5 11. O-O Ba6 12. Nd2 Nbd7 13. Nc4 Qc7 14. Bf4 Rfb8 15. Rb1 Nh5 16. Bd2 Bd4 17. Ne3 Bxe2 18. Qxe2 Ne5 19. Nf5 Nf6 20. Nb5 Rxb5 21. Nh6+ Kg7 22. Qxb5 Nxe4 23. Bf4 Nf6 24. Bxe5 dxe5 25. Ng4 Nxd5 26. Rfe1 Rb8 27. Qe2 Nf4 28. Qc2 Qc6 29. Ne3 f5 30. Kh2 e4 31. g3 Nd3 32. Red1 e5 33. Nc4 Qe6 34. b3 f4 35. g4 h5 36. f3 hxg4 37. fxg4 f3 38. Nd2 Rh8 39. Nxf3 Qxg4 40. Qg2 Qxg2+ 41. Kxg2 exf3+ 42. Kxf3 Rxh3+ 43. Kg2 Nf4+ 0-1

[Event "WY U-16 Chess Olympiad 2019"]
[Site "Corum"]
[Date "2019.10.31"]
[Round "4"]
[White "Chong, Kai Ni Agnes"]
[Black "Vuckovic, Marko"]
[Result "0-1"]
[WhiteElo "1901"]
[BlackElo "2054"]
[Annotator "NA"]
[PlyCount "122"]
[EventDate "2019.10.28"]
[EventType "team-tourn"]
[EventCountry "TUR"]
[SourceTitle "playchess.com"]
[Source "ChessBase"]
[SourceQuality "1"]

1. d4 Nf6 2. g3 e6 3. Bg2 c5 4. Nf3 Nc6 5. O-O Qb6 6. e3 d5 7. c3 Bd6 8. Qb3 Qc7 9. Nbd2 b6 10. c4 O-O 11. Re1 Ba6 12. Qa4 Na5 13. cxd5 exd5 14. Nb3 Nxb3 15. axb3 Bd3 16. Bd2 a6 17. dxc5 bxc5 18. b4 Bb5 19. Qc2 Rfc8 20. bxc5 Qxc5 21. Qxc5 Bxc5 22. Nd4 Bc4 23. Rec1 Rab8 24. Bc3 Ne4 25. Bxe4 dxe4 26. Nf5 Bf8 27. Be5 Rb5 28. Nd6 Bxd6 29. Bxd6 Rxb2 30. Ra4 Be6 31. Rxc8+ Bxc8 32. Kg2 h5 33. Be5 Rc2 34. h3 f6 35. Bd4 Kf7 36. Ra5 g6 37. Rd5 Rc6 38. Ra5 Be6 39. Ra4 Bc4 40. g4 h4 41. Ra1 Be2 42. Kg1 Ke6 43. Bb2 Kd5 44. Bd4 f5 45. gxf5 gxf5 46. Kh2 f4 47. Rg1 Bf3 48. Rg5+ Kc4 49. Rg1 Kd3 50. Rf1 Ke2 51. Rg1 Kxf2 52. exf4+ e3 53. f5 Rd6 54. Bc3 Rd1 55. Rxd1 Bxd1 56. Bf6 e2 57. Bxh4+ Kf1 58. f6 Bb3 59. Bg3 a5 60. h4 Bf7 61. Kh3 Be8 0-1

[Event "WY U-16 Chess Olympiad 2019"]
[Site "Corum"]
[Date "2019.10.31"]
[Round "4"]
[White "Celik, Eylul"]
[Black "Cheng, Amanda"]
[Result "1-0"]
[WhiteElo "1896"]
[BlackElo "1420"]
[Annotator "NA"]
[PlyCount "43"]
[EventDate "2019.10.28"]
[EventType "team-tourn"]
[EventCountry "TUR"]
[SourceTitle "playchess.com"]
[Source "ChessBase"]
[SourceQuality "1"]

1. d4 d5 2. c4 e5 3. dxe5 d4 4. Nf3 Nc6 5. a3 Nge7 6. g3 Ng6 7. Bg2 Bf5 8. Nbd2 Qd7 9. b4 Bh3 10. O-O Bxg2 11. Kxg2 h5 12. h4 Be7 13. Rh1 Qg4 14. Nb3 Rd8 15. Qc2 Ngxe5 16. b5 d3 17. Qc3 dxe2 18. Nxe5 Qe4+ 19. Qf3 Qxf3+ 20. Nxf3 Rd1 21. bxc6 bxc6 22. Be3 1-0

[Event "WY U-16 Chess Olympiad 2019"]
[Site "Corum"]
[Date "2019.10.31"]
[Round "4"]
[White "Wong Ching Chi"]
[Black "Ozdilli, Mustafa Alper"]
[Result "1-0"]
[WhiteElo "1879"]
[BlackElo "1328"]
[Annotator "NA"]
[PlyCount "39"]
[EventDate "2019.10.28"]
[EventType "team-tourn"]
[EventCountry "TUR"]
[SourceTitle "playchess.com"]
[Source "ChessBase"]
[SourceQuality "1"]

1. Nf3 g6 2. d4 Bg7 3. c4 d6 4. Nc3 Nc6 5. h3 e5 6. d5 Nd4 7. Nxd4 exd4 8. Nb5 a6 9. Nxd4 c5 10. dxc6 Qa5+ 11. Bd2 Qc5 12. Bc3 b5 13. Nxb5 Bxc3+ 14. Nxc3 Rb8 15. b3 Nf6 16. e3 Qa5 17. Rc1 Ne4 18. Qd4 Bf5 19. Bd3 Qa3 20. O-O 1-0

[Event "WY U-16 Chess Olympiad 2019"]
[Site "Corum"]
[Date "2019.10.31"]
[Round "4"]
[White "Prasitsoonthorn, Teerachoti"]
[Black "Foo, Jiu Weir Brien"]
[Result "1/2-1/2"]
[WhiteElo "1866"]
[BlackElo "1731"]
[Annotator "NA"]
[PlyCount "64"]
[EventDate "2019.10.28"]
[EventType "team-tourn"]
[EventCountry "TUR"]
[SourceTitle "playchess.com"]
[Source "ChessBase"]
[SourceQuality "1"]

1. d4 d5 2. Nf3 Nf6 3. c4 c6 4. Qc2 e6 5. g3 Bd6 6. Bg2 Nbd7 7. O-O O-O 8. Nbd2 e5 9. dxe5 Nxe5 10. Nxe5 Bxe5 11. Nf3 Bc7 12. b3 Qe7 13. Bb2 dxc4 14. bxc4 Bg4 15. Ng5 Be5 16. Nf3 Bxb2 17. Qxb2 Rfe8 18. Rfe1 Rad8 19. a4 Ne4 20. Qa3 Qxa3 21. Rxa3 Bxf3 22. Rxf3 Nd2 23. Rc3 Rd4 24. a5 Rxc4 25. Rxc4 Nxc4 26. a6 bxa6 27. Bxc6 Rc8 28. Bb7 Rc7 29. Bxa6 Nb6 30. Rd1 g6 31. Rd8+ Kg7 32. Kg2 Rc5 1/2-1/2

[Event "WY U-16 Chess Olympiad 2019"]
[Site "Corum"]
[Date "2019.10.31"]
[Round "4"]
[White "Hatirli, Ugur Can"]
[Black "Kwong, Wing Ki"]
[Result "1-0"]
[WhiteElo "1852"]
[BlackElo "1822"]
[Annotator "NA"]
[PlyCount "115"]
[EventDate "2019.10.28"]
[EventType "team-tourn"]
[EventCountry "TUR"]
[SourceTitle "playchess.com"]
[Source "ChessBase"]
[SourceQuality "1"]

1. Nf3 d5 2. c4 d4 3. e3 c5 4. exd4 cxd4 5. d3 Nc6 6. a3 a5 7. g3 e5 8. Bg2 Bd6 9. O-O Nf6 10. Nbd2 h6 11. Re1 O-O 12. Qc2 a4 13. Nh4 Be6 14. Ne4 Nxe4 15. Bxe4 Qd7 16. f4 exf4 17. gxf4 Qe7 18. Ng2 Qf6 19. Qf2 Rfe8 20. f5 Bd7 21. Bf4 Bxf4 22. Qxf4 Re5 23. Rf1 Rae8 24. Rae1 b5 25. cxb5 Rxb5 26. Qf2 Reb8 27. Re2 Ne7 28. Nh4 Nd5 29. Ng2 Bc6 30. Rc2 Bd7 31. Qg3 Qb6 32. Rff2 Nf6 33. h4 Re8 34. Rce2 Rc5 35. Ne1 Kh8 36. Qf4 Qc7 37. Qxc7 Rxc7 38. Nf3 Ng4 39. Rf1 Ne3 40. Rfe1 Nxf5 41. Rf2 g6 42. h5 g5 43. Bxf5 Rxe1+ 44. Nxe1 Bb5 45. Rc2 Re7 46. Nf3 Re3 47. Kf2 Bxd3 48. Nxd4 Bxf5 49. Kxe3 Bxc2 50. Nxc2 f5 51. Nd4 f4+ 52. Ke4 Kg7 53. Kf5 Kf7 54. Nf3 Kg7 55. Ne5 Kf8 56. Kf6 Ke8 57. Ng4 f3 58. Kg6 1-0

[Event "WY U-16 Chess Olympiad 2019"]
[Site "Corum"]
[Date "2019.10.31"]
[Round "4"]
[White "Tantipura, Noppakorn"]
[Black "Singh, Eshwant"]
[Result "1-0"]
[WhiteElo "1851"]
[BlackElo "1910"]
[Annotator "NA"]
[PlyCount "79"]
[EventDate "2019.10.28"]
[EventType "team-tourn"]
[EventCountry "TUR"]
[SourceTitle "playchess.com"]
[Source "ChessBase"]
[SourceQuality "1"]

1. b3 d5 2. Bb2 Nf6 3. e3 g6 4. Bxf6 exf6 5. d4 Bg7 6. g3 O-O 7. Bg2 c6 8. Ne2 Nd7 9. O-O f5 10. Qd3 Nf6 11. c4 Be6 12. Nbc3 Ne4 13. cxd5 cxd5 14. Rfc1 a6 15. f3 Nf6 16. Rc2 Bd7 17. a4 Re8 18. Nf4 g5 19. Nfe2 Bh6 20. f4 gxf4 21. Nxf4 Bxf4 22. gxf4 Be6 23. Ne2 Ne4 24. Ng3 Qh4 25. Qe2 Kh8 26. Nxe4 fxe4 27. Qf2 Qh5 28. Kh1 Rg8 29. Rf1 Rxg2 30. Qxg2 Rg8 31. Qf2 Bg4 32. h4 Bf3+ 33. Kh2 Qg4 34. Rg1 Qd7 35. Rxg8+ Kxg8 36. Qg3+ Bg4 37. h5 Kf8 38. Qh4 Bf3 39. Qf6 Kg8 40. h6 1-0

[Event "WY U-16 Chess Olympiad 2019"]
[Site "Corum"]
[Date "2019.10.31"]
[Round "4"]
[White "Cheah, Kah Hoe"]
[Black "Laohawirapap, Prin"]
[Result "1-0"]
[WhiteElo "1815"]
[BlackElo "1774"]
[Annotator "NA"]
[PlyCount "61"]
[EventDate "2019.10.28"]
[EventType "team-tourn"]
[EventCountry "TUR"]
[SourceTitle "playchess.com"]
[Source "ChessBase"]
[SourceQuality "1"]

1. e4 c6 2. Nf3 d5 3. exd5 cxd5 4. d4 Nc6 5. Ne5 Nf6 6. c3 Bf5 7. g4 Nxe5 8. gxf5 Nc6 9. Be3 g6 10. Bd3 gxf5 11. Bxf5 e6 12. Bd3 Be7 13. Nd2 a6 14. Nf3 Rc8 15. Ne5 Nxe5 16. dxe5 Nd7 17. Qh5 Qc7 18. f4 Bc5 19. Bd2 Qb6 20. O-O-O Bd4 21. Bc2 Bc5 22. f5 Kd8 23. Qxf7 Rf8 24. Bg5+ Kc7 25. Qxe6 Be3+ 26. Bxe3 Qxe3+ 27. Kb1 Rce8 28. Qd6+ Kc8 29. e6 Nf6 30. Rhe1 Qf2 31. e7 1-0

[Event "WY U-16 Chess Olympiad 2019"]
[Site "Corum"]
[Date "2019.10.31"]
[Round "4"]
[White "Amin-Erdene Burmaa"]
[Black "Samadashvili, Martha"]
[Result "0-1"]
[WhiteElo "1793"]
[BlackElo "2155"]
[Annotator "NA"]
[PlyCount "136"]
[EventDate "2019.10.28"]
[EventType "team-tourn"]
[EventCountry "TUR"]
[SourceTitle "playchess.com"]
[Source "ChessBase"]
[SourceQuality "1"]

1. e4 c5 2. Nf3 e6 3. d4 cxd4 4. Nxd4 Nc6 5. Nc3 Qc7 6. Be3 a6 7. Qd2 Nf6 8. O-O-O Be7 9. f3 b5 10. g4 Nxd4 11. Bxd4 Bb7 12. g5 Nh5 13. Rg1 O-O 14. Bd3 b4 15. Ne2 e5 16. Be3 Rfd8 17. Ng3 Nf4 18. Bxf4 exf4 19. Nf5 Bc5 20. Rg4 Kh8 21. Rxf4 d5 22. e5 Qxe5 23. Rh4 Re8 24. f4 Qc7 25. Qg2 g6 26. Qh3 f6 27. Nh6 Be3+ 28. Kb1 fxg5 29. fxg5 Bxg5 30. Bxg6 Bxh4 31. Bxe8 Rxe8 32. Qxh4 Qg7 33. Nf5 Qe5 34. Nh6 Qg7 35. Nf5 Qe5 36. Ng3 a5 37. b3 Rc8 38. Qd4 Qxd4 39. Rxd4 Rf8 40. Rd2 Kg7 41. Kb2 Kg6 42. a3 h5 43. axb4 h4 44. Nh1 axb4 45. Nf2 Ba6 46. Ng4 Kg5 47. Ne3 Bb7 48. Rg2+ Kh5 49. Rg7 Bc6 50. Ng4 Rf5 51. h3 d4 52. Rc7 Bg2 53. Rh7+ Kg5 54. Rg7+ Kf4 55. Nf2 Kf3 56. Nd3 Bxh3 57. Kc1 Bg4 58. Nxb4 h3 59. Nc6 Kg3 60. Nxd4 Rf1+ 61. Kd2 h2 62. Ne2+ Kf2 63. Rxg4 h1=Q 64. Rf4+ Kg2 65. Rg4+ Kh3 66. Rg3+ Kh4 67. Rd3 Rd1+ 68. Kc3 Qe1+ 0-1

[Event "WY U-16 Chess Olympiad 2019"]
[Site "Corum"]
[Date "2019.10.31"]
[Round "4"]
[White "Annageldiyev, Azatgeldi"]
[Black "Turcan, Richard"]
[Result "0-1"]
[WhiteElo "1790"]
[BlackElo "2174"]
[Annotator "NA"]
[PlyCount "106"]
[EventDate "2019.10.28"]
[EventType "team-tourn"]
[EventCountry "TUR"]
[SourceTitle "playchess.com"]
[Source "ChessBase"]
[SourceQuality "1"]

1. d4 Nf6 2. Nf3 d5 3. Bf4 c5 4. c3 Nc6 5. e3 Qb6 6. b3 Bf5 7. Bd3 Bxd3 8. Qxd3 e6 9. O-O Be7 10. Nbd2 O-O 11. Ne5 Nxe5 12. Bxe5 Rac8 13. Rfc1 Rfd8 14. Rc2 Qc6 15. dxc5 Nd7 16. Bd6 Nxc5 17. Bxc5 Qxc5 18. Rac1 b5 19. Nf3 a6 20. Qe2 Bf6 21. c4 dxc4 22. bxc4 b4 23. Nd2 Bc3 24. g3 Qc6 25. Nb1 Bf6 26. c5 h6 27. Rc4 a5 28. Nd2 Qa6 29. Ne4 Be7 30. Qc2 Rc6 31. Rd4 Rdc8 32. Rcd1 f5 33. Rd7 R6c7 34. Rxc7 Rxc7 35. Nd2 Rxc5 36. Qb3 Rd5 37. e4 fxe4 38. Nxe4 Qe2 39. Nd2 Rxd2 40. Rxd2 Qxd2 41. Qxe6+ Kf8 42. Qf5+ Bf6 43. Qxa5 Qe1+ 44. Kg2 Qe4+ 45. Kg1 Kg8 46. h4 Bd4 47. Qd8+ Kh7 48. Qf8 Qb1+ 49. Kh2 Qxa2 50. Qf5+ g6 51. Qd7+ Bg7 52. Kg2 b3 53. h5 Qc2 0-1

[Event "WY U-16 Chess Olympiad 2019"]
[Site "Corum"]
[Date "2019.10.31"]
[Round "4"]
[White "Onufrienko, Vladislav"]
[Black "Budisavljevic, Luka"]
[Result "1/2-1/2"]
[WhiteElo "1780"]
[BlackElo "2432"]
[Annotator "NA"]
[PlyCount "89"]
[EventDate "2019.10.28"]
[EventType "team-tourn"]
[EventCountry "TUR"]
[SourceTitle "playchess.com"]
[Source "ChessBase"]
[SourceQuality "1"]

1. d4 Nf6 2. Nc3 d5 3. Bg5 c5 4. e3 Nc6 5. Nf3 cxd4 6. exd4 Bg4 7. Be2 e6 8. Ne5 Bxe2 9. Nxe2 Bd6 10. Nf3 Qa5+ 11. c3 Ne4 12. Bf4 O-O 13. O-O b5 14. b4 Qc7 15. Bxd6 Qxd6 16. Qd3 a5 17. a3 Qb8 18. Nd2 Nd6 19. Nb3 Qb6 20. Nc5 Ra7 21. f4 Rfa8 22. Nb3 Nc4 23. Kh1 Ne7 24. Ng3 Qc7 25. f5 exf5 26. Nxf5 Nxf5 27. Rxf5 axb4 28. cxb4 Re8 29. Rxd5 Re3 30. Qb1 Rxa3 31. Rc5 Rxa1 32. Qxa1 Qb8 33. Nd2 Nxd2 34. Qc1 Re8 35. Qxd2 Qf4 36. Qc1 Qxd4 37. Rxb5 Qh4 38. Re5 Rd8 39. Qe1 Qxe1+ 40. Rxe1 f6 41. Kg1 Kf7 42. Rb1 Ke6 43. Kf2 Rd2+ 44. Kf3 Rd6 45. Ke4 1/2-1/2

[Event "WY U-16 Chess Olympiad 2019"]
[Site "Corum"]
[Date "2019.10.31"]
[Round "4"]
[White "Ameer, Dhafer Abdulameer"]
[Black "Moncada Correa, Sara"]
[Result "1-0"]
[WhiteElo "1770"]
[BlackElo "1939"]
[Annotator "NA"]
[PlyCount "55"]
[EventDate "2019.10.28"]
[EventType "team-tourn"]
[EventCountry "TUR"]
[SourceTitle "playchess.com"]
[Source "ChessBase"]
[SourceQuality "1"]

1. e4 e5 2. Nf3 Nc6 3. d4 exd4 4. Bc4 Bc5 5. Ng5 Nh6 6. Nxf7 Bb4+ 7. c3 Nxf7 8. Bxf7+ Kxf7 9. cxb4 Qe7 10. Qf3+ Ke8 11. a3 d6 12. O-O Be6 13. Bf4 Kd7 14. Qg3 h6 15. Qd3 a6 16. Nd2 g5 17. Bg3 h5 18. f4 gxf4 19. Bxf4 Rag8 20. Nf3 Rg4 21. Nxd4 Qg7 22. Nxe6 Rxg2+ 23. Kh1 Kxe6 24. Qd5+ Ke7 25. e5 Rg8 26. exd6+ Kd7 27. Qf5+ Kd8 28. dxc7+ 1-0

[Event "WY U-16 Chess Olympiad 2019"]
[Site "Corum"]
[Date "2019.10.31"]
[Round "4"]
[White "Mihailova, Alina"]
[Black "Herega, Nejc"]
[Result "0-1"]
[WhiteElo "1770"]
[BlackElo "1976"]
[Annotator "NA"]
[PlyCount "118"]
[EventDate "2019.10.28"]
[EventType "team-tourn"]
[EventCountry "TUR"]
[SourceTitle "playchess.com"]
[Source "ChessBase"]
[SourceQuality "1"]

1. d4 Nf6 2. c4 e6 3. Nc3 Bb4 4. Qc2 d5 5. cxd5 exd5 6. Bg5 c5 7. e3 cxd4 8. exd4 O-O 9. Bd3 h6 10. Bh4 Be6 11. Nf3 Nbd7 12. O-O Rc8 13. Qb3 Qa5 14. Ne2 Ne4 15. a3 Bd6 16. Bg3 Bxg3 17. Nxg3 Qc7 18. Qd1 Ndf6 19. Qb1 Rfe8 20. Re1 Nd6 21. Qc1 Qxc1 22. Raxc1 Nd7 23. b3 g6 24. Ne5 Kg7 25. Kf1 Nf6 26. Rc5 Nde4 27. Nxe4 dxe4 28. Bb5 Red8 29. Rxc8 Bxc8 30. Rc1 Be6 31. Bc4 Rc8 32. Rd1 Nd5 33. Bxd5 Bxd5 34. b4 Rc3 35. Ra1 f6 36. Ng4 Bc4+ 37. Ke1 Rd3 38. Rc1 Rxd4 39. Ne3 b5 40. Nxc4 bxc4 41. Ke2 f5 42. b5 Kf6 43. a4 Ke6 44. Rc3 Kd5 45. Rg3 g5 46. Rh3 Kc5 47. Rxh6 Kb4 48. b6 axb6 49. Rxb6+ Kxa4 50. g3 g4 51. Rf6 Rd5 52. Ke3 c3 53. Rc6 Kb3 54. Rb6+ Ka2 55. Rc6 Kb2 56. Rb6+ Kc1 57. Ke2 Rd2+ 58. Ke1 Rb2 59. Ra6 Kb1 0-1

[Event "WY U-16 Chess Olympiad 2019"]
[Site "Corum"]
[Date "2019.10.31"]
[Round "4"]
[White "Asavasaetakul, Chawit"]
[Black "Stefansson, Vignir Vatnar"]
[Result "0-1"]
[WhiteElo "1746"]
[BlackElo "2327"]
[Annotator "NA"]
[PlyCount "45"]
[EventDate "2019.10.28"]
[EventType "team-tourn"]
[EventCountry "TUR"]
[SourceTitle "playchess.com"]
[Source "ChessBase"]
[SourceQuality "1"]

1. e4 g6 2. d4 Bg7 3. Nc3 c6 4. Be3 d5 5. Qd2 Nf6 6. f3 dxe4 7. fxe4 Ng4 8. O-O-O Nxe3 9. Qxe3 O-O 10. h4 c5 11. dxc5 Qa5 12. h5 Nc6 13. hxg6 hxg6 14. Qg5 Be6 15. Nd5 Qxa2 16. c3 Qa1+ 17. Kc2 Qa4+ 18. Kc1 Qxe4 19. Nf4 Bb3 20. Bd3 Qe3+ 21. Kb1 Bxd1 22. Qh4 Bh5 23. Rh3 0-1

[Event "WY U-16 Chess Olympiad 2019"]
[Site "Corum"]
[Date "2019.10.31"]
[Round "4"]
[White "Iskakbaev, Ibraim"]
[Black "Jordanov Mihail"]
[Result "0-1"]
[WhiteElo "1741"]
[BlackElo "2080"]
[Annotator "NA"]
[PlyCount "53"]
[EventDate "2019.10.28"]
[EventType "team-tourn"]
[EventCountry "TUR"]
[SourceTitle "playchess.com"]
[Source "ChessBase"]
[SourceQuality "1"]

1. d4 Nf6 2. c4 e6 3. Nc3 Bb4 4. e3 b6 5. Nge2 Ba6 6. a3 Bxc3+ 7. Nxc3 d5 8. b3 O-O 9. Be2 Qe7 10. O-O Rd8 11. Qc2 c5 12. dxc5 bxc5 13. Bf3 Nc6 14. Be2 Rac8 15. cxd5 Bxe2 16. Nxe2 exd5 17. Qb2 Ne5 18. Rd1 Rb8 19. Qc2 Qc7 20. h3 Qb6 21. Qf5 Qxb3 22. Bd2 Ng6 23. Bc3 Ne4 24. Ba5 Re8 25. Qxd5 Qb5 26. Rdb1 Qxe2 27. Rxb8 0-1

[Event "WY U-16 Chess Olympiad 2019"]
[Site "Corum"]
[Date "2019.10.31"]
[Round "4"]
[White "Ding, Dao En"]
[Black "Chuemsakul, Sarocha"]
[Result "1-0"]
[WhiteElo "1731"]
[BlackElo "1645"]
[Annotator "NA"]
[PlyCount "61"]
[EventDate "2019.10.28"]
[EventType "team-tourn"]
[EventCountry "TUR"]
[SourceTitle "playchess.com"]
[Source "ChessBase"]
[SourceQuality "1"]

1. d4 Nf6 2. Nf3 e6 3. Bf4 Be7 4. e3 d5 5. Nbd2 Nbd7 6. c3 b6 7. h3 Bb7 8. Bd3 O-O 9. O-O c5 10. Bc2 Rc8 11. Qe2 Re8 12. Rac1 Nf8 13. Ne5 Ng6 14. Nxg6 hxg6 15. Nf3 Bd6 16. Ne5 Bxe5 17. dxe5 Nd7 18. Qg4 Qc7 19. h4 Nf8 20. Kh2 Red8 21. Bb1 Qd7 22. Rcd1 Qb5 23. b3 a5 24. Bg5 Re8 25. h5 gxh5 26. Qxh5 c4 27. Rh1 cxb3 28. Kg1 Ng6 29. Qh7+ Kf8 30. Qh8+ Nxh8 31. Rxh8# 1-0

[Event "WY U-16 Chess Olympiad 2019"]
[Site "Corum"]
[Date "2019.10.31"]
[Round "4"]
[White "Zholdoshmamatov, Adilet"]
[Black "Ivanovic, Marko"]
[Result "1/2-1/2"]
[WhiteElo "1682"]
[BlackElo "2269"]
[Annotator "NA"]
[PlyCount "42"]
[EventDate "2019.10.28"]
[EventType "team-tourn"]
[EventCountry "TUR"]
[SourceTitle "playchess.com"]
[Source "ChessBase"]
[SourceQuality "1"]

1. e4 c5 2. Nc3 Nc6 3. Bb5 g6 4. Bxc6 dxc6 5. Nf3 Bg7 6. d3 Nf6 7. O-O Nd7 8. Be3 e5 9. Nd2 Qe7 10. f4 exf4 11. Bxf4 Bd4+ 12. Kh1 Ne5 13. Bxe5 Bxe5 14. Nc4 Bc7 15. e5 Bf5 16. Qf3 O-O-O 17. Rae1 Rhe8 18. Ne4 b5 19. Ned6+ Rxd6 20. Nxd6+ Bxd6 21. exd6 Qxe1 1/2-1/2

[Event "WY U-16 Chess Olympiad 2019"]
[Site "Corum"]
[Date "2019.10.31"]
[Round "4"]
[White "Felix, Ethon"]
[Black "Booysen, Tineke"]
[Result "1-0"]
[WhiteElo "1675"]
[BlackElo "1310"]
[Annotator "NA"]
[PlyCount "107"]
[EventDate "2019.10.28"]
[EventType "team-tourn"]
[EventCountry "TUR"]
[SourceTitle "playchess.com"]
[Source "ChessBase"]
[SourceQuality "1"]

1. d4 e6 2. Nf3 f5 3. c4 d5 4. Nc3 c6 5. a4 a5 6. Bf4 Nf6 7. e3 Be7 8. h4 Nh5 9. Ne5 g6 10. Bh6 Nd7 11. Be2 Nhf6 12. h5 Nxe5 13. dxe5 Ne4 14. Qc2 Qc7 15. Nxe4 fxe4 16. Bf4 g5 17. Bg3 Bb4+ 18. Kd1 h6 19. f3 Qh7 20. f4 Rg8 21. Rh2 gxf4 22. Bxf4 Bd7 23. Kc1 O-O-O 24. Kb1 Be8 25. Ka2 Bf7 26. Rd1 Kb8 27. g4 Ka8 28. Bg3 Rc8 29. c5 Qg7 30. b3 Qf8 31. Rc1 Qd8 32. Bh4 Qc7 33. Bf6 b6 34. Ba6 Rb8 35. cxb6 Rxb6 36. Be2 Be8 37. Rg1 Be7 38. Bxe7 Qxe7 39. Qc3 Qb4 40. Qxb4 axb4 41. Rc1 Rg5 42. Rf2 Rxe5 43. Rf8 Rb8 44. Rf6 Rg5 45. Rxe6 Bd7 46. Rxh6 Bxg4 47. Bxg4 Rxg4 48. Rhxc6 Rg3 49. Re1 Rg2+ 50. Kb1 Rh2 51. Rc5 Rxh5 52. Ra5+ Kb7 53. Rb5+ Kc7 54. Rc1+ 1-0

[Event "WY U-16 Chess Olympiad 2019"]
[Site "Corum"]
[Date "2019.10.31"]
[Round "4"]
[White "Mekarapiruk, Chawit"]
[Black "Mai, Alexander Oliver"]
[Result "1/2-1/2"]
[WhiteElo "1657"]
[BlackElo "2085"]
[Annotator "NA"]
[PlyCount "189"]
[EventDate "2019.10.28"]
[EventType "team-tourn"]
[EventCountry "TUR"]
[SourceTitle "playchess.com"]
[Source "ChessBase"]
[SourceQuality "1"]

1. d4 Nf6 2. Nf3 g6 3. g3 Bg7 4. Bg2 O-O 5. O-O d6 6. b3 Nbd7 7. Bb2 c5 8. c4 a6 9. Nc3 Rb8 10. a4 cxd4 11. Nxd4 Nc5 12. Qc2 Bd7 13. Rfd1 e5 14. Nf3 Bf5 15. e4 Nfxe4 16. Nxe4 Bxe4 17. Qc3 Qc7 18. Ne1 Bf5 19. Nc2 Ne4 20. Bxe4 Bxe4 21. Ne3 Rbd8 22. Nd5 Bxd5 23. Rxd5 Rd7 24. Rad1 Rfd8 25. Qd2 b6 26. Ba3 Bf8 27. Qd3 Qc6 28. Bb2 f6 29. f4 exf4 30. Bxf6 Re8 31. gxf4 Rf7 32. Bb2 Qd7 33. Ba3 Rxf4 34. Bxd6 Qg4+ 35. Qg3 Bxd6 36. Rxd6 Qf5 37. Qd3 Qc5+ 38. Kh1 Rf5 39. Qd4 Qxd4 40. R6xd4 Rf3 41. R4d3 Ree3 42. Rd8+ Kg7 43. R1d7+ Kh6 44. Rh8 Rxb3 45. Rhxh7+ Kg5 46. Kg2 Rf5 47. h4+ Kf4 48. Rhf7 Rb4 49. Rd4+ Ke3 50. Rxf5 gxf5 51. Rd6 Rb2+ 52. Kf1 f4 53. Re6+ Kf3 54. Ke1 Rb1+ 55. Kd2 Kf2 56. h5 f3 57. h6 Rh1 58. Rxb6 Rh2 59. Rg6 Kf1+ 60. Ke3 f2 61. Kd2 Rh4 62. Rd6 Rxc4 63. h7 Rh4 64. Rd7 Rh3 65. Rg7 Rh6 66. Rd7 Rh5 67. Kd1 Rh3 68. Kd2 Rh2 69. Rg7 Rh6 70. Rd7 Kg2 71. Rg7+ Kf1 72. Rd7 a5 73. Kd1 Rh3 74. Kd2 Kg2 75. Rg7+ Kf3 76. Rf7+ Kg2 77. Rg7+ Kf1 78. Rd7 Rh6 79. Kd1 Rh3 80. Kd2 Rh5 81. Kd1 Rh4 82. Kd2 Rh3 83. Kd1 Kg2 84. Rg7+ Kf3 85. Rf7+ Ke3 86. Re7+ Kd3 87. Rd7+ Ke3 88. Re7+ Kf3 89. Rf7+ Kg2 90. Rg7+ Kf1 91. Rd7 Rh4 92. Kd2 Rh3 93. Rg7 Rh4 94. Rd7 Rh5 95. Rd6 1/2-1/2

[Event "WY U-16 Chess Olympiad 2019"]
[Site "Corum"]
[Date "2019.10.31"]
[Round "4"]
[White "Aman Deepak Thadani"]
[Black "Anacoglu, Cisel"]
[Result "0-1"]
[WhiteElo "1627"]
[BlackElo "1918"]
[Annotator "NA"]
[PlyCount "59"]
[EventDate "2019.10.28"]
[EventType "team-tourn"]
[EventCountry "TUR"]
[SourceTitle "playchess.com"]
[Source "ChessBase"]
[SourceQuality "1"]

1. d4 d5 2. c4 c6 3. cxd5 cxd5 4. Nc3 Nc6 5. f3 e5 6. e3 exd4 7. exd4 Bd6 8. Be3 Nge7 9. Bd3 Nb4 10. Bb5+ Kf8 11. a3 Nf5 12. Bf2 Qg5 13. Qe2 Nc6 14. g4 Bd7 15. h4 Qh6 16. g5 Qg6 17. O-O-O Bf4+ 18. Kb1 Ng3+ 19. Bd3 Nxe2 20. Bxg6 Nxc3+ 21. bxc3 hxg6 22. Ne2 Bd6 23. Bg3 Bxa3 24. Nf4 Bf5+ 25. Ka2 Bd6 26. Nxg6+ Bxg6 27. Bxd6+ Ke8 28. c4 Kd7 29. c5 Rae8 30. Ra1 0-1